|
|
|
|
| LEADER |
01025nam a2200253 a 4500 |
| 001 |
16398935 |
| 008 |
110125s2011 flua b 001 0 eng d |
| 010 |
|
|
|a 2010028807
|
| 020 |
|
|
|a 9781439819197 (hardcover : alk. paper)
|
| 040 |
|
|
|a DLC
|c DLC
|d BD-DhAAL
|
| 082 |
0 |
0 |
|a 005.8
|2 22
|
| 999 |
|
|
|c 10388
|d 10388
|
| 999 |
|
|
|c 10388
|
| 245 |
0 |
0 |
|a Security of self-organizing networks :
|b MANET, WSN, WMN, VANET /
|c editor, Al-Sakib Khan Pathan.
|
| 260 |
|
|
|a Boca Raton :
|b Auerbach Publications,
|c 2011.
|
| 300 |
|
|
|a xviii, 620 p. :
|b ill. ;
|c 26 cm.
|
| 504 |
|
|
|a Includes bibliographical references and index.
|
| 541 |
1 |
|
|e 00021775
|
| 650 |
|
0 |
|a Ad hoc networks (Computer networks)
|x Security measures.
|9 1016
|
| 650 |
|
0 |
|a Self organizaing systems
|x Security measures.
|9 1017
|
| 700 |
1 |
|
|a Pathan, Al-Sakib Khan.
|9 1018
|
| 852 |
|
|
|a Ayesha Abed Library
|c General Shelf.
|
| 942 |
|
|
|2 ddc
|c BK
|
| 952 |
|
|
|0 0
|1 0
|2 ddc
|4 0
|6 005_800000000000000_SEC
|7 0
|9 14201
|a BRACUL
|b BRACUL
|c GEN
|d 2011-01-26
|l 0
|o 005.8 SEC
|p 3010021775
|r 2011-01-26
|t 1
|w 2011-01-26
|y BK
|